LEADER 03926nam 2200529 450 001 9910467613003321 005 20200520144314.0 010 $a3-11-055603-0 024 7 $a10.1515/9783110556827 035 $a(CKB)4100000001044545 035 $a(MiAaPQ)EBC5156557 035 $a(DE-B1597)483679 035 $a(OCoLC)1013823316 035 $a(DE-B1597)9783110556827 035 $a(Au-PeEL)EBL5156557 035 $a(CaPaEBR)ebr11473947 035 $a(EXLCZ)994100000001044545 100 $a20171223h20172017 uy 0 101 0 $aeng 135 $aurcnu|||||||| 181 $2rdacontent 182 $2rdamedia 183 $2rdacarrier 200 00$aReading heresy $ereligion and dissent in literature and art /$fedited by Gregory Erickson, Bernard Schweizer 210 1$aBerlin, [Germany] ;$aBoston, [Massachusetts] :$cDe Gruyter,$d2017. 210 4$d©2017 215 $a1 online resource (226 pages ) 311 $a3-11-055594-8 311 $a3-11-055682-0 320 $aIncludes bibliographical references at the end of each chapters and index. 327 $tFrontmatter -- $tTable of Contents -- $tPreface / $rSchweizer, Bernard -- $tIntroduction / $rErickson, Gregory / Schweizer, Bernard -- $tI. Heresy and Modern Literature -- $tHeresy and the Modernist Imagination / $rErickson, Gregory -- $t"No, I better not say it. I might get punished": Misotheism and Self-Creation in Tomás Rivera's .? And the Earth Did Not Devour Him / $rHama, Mark -- $tThe Absolute Heterodoxy of William Blake / $rAltizer, Thomas J. J. -- $tII. Medieval Heresy -- $tUnbelief and the Problem of Heresy: A Late Medieval Context / $rCalder, Natalie -- $tThe Joys of Heresy: Benefits for Women in Medieval Heretical Sects / $rGreen, Kathryn -- $tIII. Heretical Theology -- $tSaint Augustine: The Neoplatonic Father of Heretical Orthodoxy / $rHolloway, John Daniel -- $tMaking the World: Against Spirituality / $rMiller, Jordan E. -- $tThe Heresy of Humor: Theological Responses to Laughter / $rSchweizer, Bernard -- $tIV. From the Creators: The Artists' Corner -- $tThe Novelist as Heretic / $rMorrow, James -- $tBeautiful Heresy: A Visual Artist's Re-appropriation of Scripture / $rHannon, Susan -- $tPop Heresy: Songwriting at the Edge of the Speakable / $rGolden, Tasha -- $tAdapting Candide for the Stage / $rWood, Stanton -- $tEpilogue: Heretical Unmaking / $rErickson, Gregory -- $tNotes on the Contributors -- $tIndex 330 $aHeresy studies is a new interdisciplinary, supra-religious, and humanist field of study that focuses on borderlands of dogma, probes the intersections between orthodoxy and heterodoxy, and explores the realms of dissent in religion, art, and literature. Free from confessional agendas and tolerant of both religious and non-religious perspectives, heresy studies fulfill an important gap in scholarly inquiry and artistic production. Divided into four parts, the volume explores intersections between heresy and modern literature, it discusses intricacies of medieval heresies, it analyzes issues of heresy in contemporary theology, and it demonstrates how heresy operates as an artistic stimulant. Rather than treating matters of heresy, blasphemy, unbelief, dissent, and non-conformism as subjects to be shunned or naively championed, the essays in this collection chart a middle course, energized by the dynamics of heterodoxy, dissent, and provocation, yet shining a critical light on both the challenges and the revelations of disruptive kinds of thinking and acting. 606 $aBlasphemy 606 $aDissensi 608 $aElectronic books. 615 0$aBlasphemy. 615 0$aDissensi. 676 $a179.5 702 $aErickson$b Gregory 702 $aSchweizer$b Bernard 801 0$bMiAaPQ 801 1$bMiAaPQ 801 2$bMiAaPQ 906 $aBOOK 912 $a9910467613003321 996 $aReading heresy$92453097 997 $aUNINA LEADER 00898nlm2 22003013 a450 001 996451653903316 005 20220112093512.0 100 $a19940225d1972---- uy 0 101 0 $aeng 102 $aUS 135 $adrcnu 200 1 $a<<2.>>$fby Robert Lewis Marshall 210 1 $a[Princeton, N.J.]$cPrinceton University Press$d1972 215 $aTesto elettronico (PDF) (7, 170 p. : ill.) 230 $aBase dati testuale 410 0$aACLS Humanities E-Book. 461 $1001996451653803316$a<> compositional process of J. S. Bach 606 0 $aComposizione musicale$xStoria$2BNCF 676 $a781.3 700 1$aMARSHALL,$bRobert Lewis$0937963 712 02$aAmerican Council of Learned Societies. 801 0$bcba$aIT$bcba$gREICAT 801 1$bcba$aIT$bcba$gREICAT 912 $a996451653903316 959 $aEB 969 $aER 996 $a2.$92567663 997 $aUNISA LEADER 01007nam a2200277 i 4500 001 991002650809707536 005 20020503171806.0 008 001103s1978 de ||| | ger 020 $a3442105712 035 $ab10395386-39ule_inst 035 $aEXGIL107566$9ExL 040 $aBiblioteca Interfacoltà$bita 082 0 $a780.794 100 1 $aPahlen, Kurt$0467901 245 10$aErster europäischer Festspielführer 1978 :$bEuropa der Erdteil der 1000 Festivals /$cKurt Pahlen 250 $aOrig.-Ausg 260 $aMünchen :$bGoldmann,$c1978 300 $a284 p. :$bill. ;$c18 cm. 490 0 $aGoldmann Ratgeber ;$v10751 650 4$aFestival musicali$zEuropa 907 $a.b10395386$b21-02-17$c27-06-02 912 $a991002650809707536 945 $aLE002 Ar. II C 20$g1$i2002000977564$lle002$o-$pE0.00$q-$rl$s- $t0$u0$v0$w0$x0$y.i10462120$z27-06-02 996 $aErster europäischer Festspielführer 1978$9220184 997 $aUNISALENTO 998 $ale002$b01-01-00$cm$da $e-$fger$gde $h0$i1